1090 1039 1015 1605 1761 1976 1370 1179 1845 1066 1099 1674 1925 1906 1265 1199 1238 1666 1710 1275 1645 1255 1685 1730 1010 1980 1091 1047 1874 1894 1916 1494 1332 1407 1431 1512 1933 1091 1201 1145 1617 1321 1779 1724 1321 1791 1711 1391 1445 1085 1479 1953 1364 1027 1865 1778 1298 1188 1467 1730 1530 1025 1807 1283 1213 1128 1966 1103 1124 1896 1305 1469 1772 1681 1570 1026 1933 1340 1468 1991 1992 1373 1200 1287 1609 1313 1856 1518 1440 1867 1610 1110 1946 1281 1073 1094 1391 1021 1945 BCNSPRNW ULIB Ver.6.0+V

เปลี่ยนเป็นภาษาไทย

Change to English
 แสดงรายละเอียดบรรณานุกรม
  กลับหน้าหลัก

Brief Record : Get Marc (ISO 2709) : E-mail record : QR code < ปิดหน้าต่าง
LEADER : 00000nam 2200000uu 4500
001    13399113405
003     ULIB
008    110627s2552||||th 000 0 tha d
020    9786165020169
090    นว.^bธ739จ 2552
100 0  ธุวดารา
245 00 เจ้าบ่าวมือสอง/^cธุวดารา
250    พิมพ์ครั้งที่ 1
260    กรุงเทพฯ :^bSugar Beat,^c2552
300    296 หน้า
710 1  Sugar Beat
945    ^p200^l0^i026752
995    ทศพร
999 ^a ใช้งานได้ทุกระบบ
รายการนี้ยังไม่มีแท็ก
คุณยังไม่ได้ล็อกอิน คุณสามารถมีกิจกรรมร่วมกับเว็บไซต์ได้ แต่ต้องล็อกอินก่อน ::
  ล็อกอิน

รายการสื่อสารสนเทศ

ลำดับที่ ประเภท เลขเรียก/บาร์โค้ด สถานที่ สถานะ
1. นวนิยาย
นวนิยาย
นว. ธ739จ 2552 ฉ.1 
  Barcode: 026752
ห้องสมุดวิทยาเขตสวรรค์ประชารักษ์
►นวนิยาย
บนชั้น
  ขอยืม

รายการใกล้เคียง
    ผู้แต่ง [ธุวดารา]

BibComment


ยังไม่เคยถูกคอมเมนท์

คอมเมนท์ทรัพยากรรายการนี้
  คอมเมนท์: เจ้าบ่าวมือสอง ธุ..


 Copyright 2026. Bcnsprnw @Library